000 00349nam a22001337a 4500
008 220908b |||||||| |||| 00| 0 eng d
082 _aEnglish Cap no.97
100 _aLhamo, Tandin
245 _aFeminist Dystopia
260 _aThimphu :
_bRoyak Thimphu College,
_c2022.
300 _a29 p.
_c30 cm.
650 _aStudent research work
942 _2ddc
999 _c9109
_d9110